Vysokomomentový krokový motor autoreferát habilitačnej práce k habilitačnému pokračovaniu za docenta v odbore Mechatronika

Bibliographic Details
Main Author: Wagner, Juraj, 1945- (Author)
Format: Book
Language:Slovak
PhysicalDescription:45 s. fotogr., sch., tab. 25 cm
Published: [Trenčín Trenčianska univerzita Alexandra Dubčeka] 2007
ISBN:9788080752507
Edition:1. vyd.
Series:Vedecké spisy Strojníckej fakulty zv. 11
Habilitačné a inauguračné spisy
Edícia vedeckej a odbornej literatúry
Subjects:

MARC

LEADER 00000nam a2200000 a 4500
001 vtls009186627
003 SK-MaSNL
005 20260301170706.0
008 251124s2007 xo ol f 000 0 slo
015 |a SNBA2008/03-01351 
020 |a 9788080752507  |q (brož.) 
035 |a B105A0AB-A3C6-446C-9A2F-ED4EFEEE4C8A 
035 |a urn:nbn:sk:snk-amk7no 
035 |a urn:nbn:sk:snk-am008jji 
040 |a SNK  |b slo  |c SNK  |e AACR2 
041 0 |a slo  |b slo  |b eng 
044 |a xo  |c SK 
072 7 |a 621  |x Strojárstvo  |2 konspekt 
080 |a 621:004.896  |2 2001 
080 |a 621.313.3  |2 2001 
080 |a (043.5)  |2 2001 
100 1 |a Wagner, Juraj,  |d 1945-  |4 aut  |9 92146 
245 1 0 |a Vysokomomentový krokový motor  |b autoreferát habilitačnej práce k habilitačnému pokračovaniu za docenta v odbore Mechatronika  |c Juraj Wagner 
250 |a 1. vyd. 
260 |a [Trenčín  |b Trenčianska univerzita Alexandra Dubčeka]  |c 2007 
300 |a 45 s.  |b fotogr., sch., tab.  |c 25 cm 
366 |e 50 výt. Nepredajné 
490 1 |a Vedecké spisy Strojníckej fakulty  |v zv. 11 
490 1 |a Habilitačné a inauguračné spisy 
490 1 |a Edícia vedeckej a odbornej literatúry 
500 |a Vydavateľské údaje podľa ISBN. Na tit. strane uvedené miesto vydania Košice 
504 |a Bibliogr. 41-45 
546 |a Res. slov., angl. 
650 0 7 |a mechatronika  |2 SNKPH  |9 15114 
650 0 7 |a krokové motory  |2 SNKPH  |9 85720 
655 7 |a habilitačné práce  |2 SNKPH  |9 70777 
810 2 |a Technická univerzita v Košiciach.  |b Strojnícka fakulta  |t Habilitačné a inauguračné spisy  |9 316681 
810 2 |a Technická univerzita v Košiciach.  |b Strojnícka fakulta  |t Vedecké spisy Strojníckej fakulty  |9 316680 
810 2 |a Technická univerzita v Košiciach.  |b Strojnícka fakulta  |t Edícia vedeckej a odbornej literatúry  |9 176109 
919 |a 978-80-8075-250-7 
958 |a NB 
968 |d 62 
999 |c 828414  |d 830344 
952 |a SNK  |b SNK  |y PREZ  |7 0  |p 17A0580529  |o snkSC 131049  |i snk2008/4874  |8 0  |0 0  |1 0  |4 0  |d 2008-02-27  |f 1  |l 0  |r 2025-06-19 00:00:00  |w 2026-02-24 
952 |a SNK  |b SNK  |y VYP  |7 0  |p 17A0580518  |o snkSC 131049 D1  |i snk2008/4875  |8 0  |0 0  |1 0  |4 0  |d 2008-02-27  |l 0  |r 2026-02-24 03:28:44  |w 2026-02-24